| 000 | 00312nam a2200109Ia 4500 | ||
|---|---|---|---|
| 008 | 230907s9999||||xx |||||||||||||| ||und|| | ||
| 082 |
_a628.530287 _bAST |
||
| 245 | 0 | _aASTM standards for indoor air quality / | |
| 260 |
_aASTM International, _bWest Conshohocken, PA : _c2007 |
||
| 300 | _av, 627 p. : | ||
| 942 | _cBK | ||
| 999 |
_c599868 _d599868 |
||